000 00569nam a2200181Ia 4500
008 090630s9999 xx 000 0 und d
082 _b15931
100 _aपुंडलिक रमेश.
245 _aसुविचार.
_cपुंडलिक रमेश.
260 _bचंद्रमौळी - पुणे.
300 _a64
600 _aपुंडलिक रमेश.
630 _aसुविचार.
655 _aइतर.
700 _aपुंडलिक रमेश.
730 _aसुविचार.
942 _cBOOK
999 _c267787
_d267787